=LDR 00000nam 2200000 4500 =001 INLIS000000000018258 =005 20130612113435 =008 ***********************************Ind** =035 ##$$0010-061300000018258 =041 ##$$a Ind =082 ##$$a 629.134 =090 ##$$a 629.134, Atm m =100 ##$$a Atmoko, Budi =245 ##$$a Mengenal teromodelling, Budi Atmoko =260 ##$$a 1986 $b Bandung =300 ##$$a x, 116 hlm, ilus, 21 cm =650 ##$$a Teromodelling =850 ##$$a NBPNMAT